| 000 | 00500nam a22001817a 4500 | ||
|---|---|---|---|
| 003 | UPN | ||
| 005 | 20250902192258.0 | ||
| 008 | 250902s2oo3 fr|a|||gr6|||i00| f fre d | ||
| 040 |
_aMX-MxUPN _bspa _cMX-MxUPN |
||
| 041 | _afre | ||
| 050 |
_aRA643 _bK35 2003 |
||
| 245 | _aLa reve brisé de Nangi | ||
| 260 |
_aParis : _bUNESCO, _c2003 |
||
| 300 | _a13 páginas | ||
| 650 | 4 |
_aVIH _xEstudio y enseñanza _zPaíses en desarrollo _956606 |
|
| 902 | _aMaiella Martínez / 02092025 | ||
| 942 |
_2lcc _cFOLL |
||
| 999 |
_c213964 _d213964 |
||